000 00505nam a2200217Ia 4500
003 OSt
005 20221006152525.0
006 a|||||r|||| 00| 0
007 ta
008 221006b |||||||| |||| 00| 0 eng d
024 _a28,500
037 _cBound Volumes
040 _aEASL
_cEASL
_beng
041 _2eng
_aeng
245 0 _aNewsletter of Research on Japanese Politics
260 _c0000
300 _ap.
_ccm.
490 _v 44751
942 _cCR
_2CC
999 _c1096586
_d1096586